000 01689nam2a22002891 4500
001 rc\3460343
005 20260409070242.0
021 _aRU
_bРг4736-71
035 _a(NLR Aleph) 007885913
090 _a7947274
_c7947274
100 _a20130115d1970 |||y0rusy50 ca
101 0 _arus
102 _aRU
105 _ay z |||||
200 0 _aВып. 6
_fУльян. гвардейское высш. танковое командное дважды Краснознам. ордена Красной Звезды училище им. В.И. Ленина
210 _d1970
_aБ. м.
215 _a38 с.
225 1 _aК 25-летию победы над фашистской Германией
461 0 _1001rc\3460341
_12001#$aОни побеждали под знаменем Ленина$e(Рассказы о Героях Советского Союза - воспитанниках училища)$eВып. 5-$fУльян. гвардейское высш. танковое училище им. В.И. Ленина$vВып. 6
_97947262
_cУльяновск
_d1969
_fУльян. гвардейское высш. танковое училище им. В.И. Ленина
_nБ. и.
_o(Рассказы о Героях Советского Союза - воспитанниках училища) : Вып. 5-
_tОни побеждали под знаменем Ленина
_vВып. 6
606 _aВеликая Отечественная война
_z1941 - 1945
_xГодовщины
_3RU\NLR\AUTH\66187542
_91237240
686 1 _aТ3(2)722,021.2
801 0 _aRU
_bNLR
_gpsbo
801 1 _aRU
_bELAR
_2rusmarc
852 _aNLR
_j70-4/29823
942 _cBOOK
980 _aNB